Derecho económico internacional (Registro nro. 132)
[ vista simple ]
| 000 -LEADER | |
|---|---|
| fixed length control field | 02259 a2200241 4500 |
| 001 - CONTROL NUMBER | |
| control field | 171 |
| 005 - DATE AND TIME OF LATEST TRANSACTION | |
| control field | 20260407155414.0 |
| 008 - FIXED-LENGTH DATA ELEMENTS--GENERAL INFORMATION | |
| fixed length control field | 260407a2006 arg spa d |
| 003 - CONTROL NUMBER IDENTIFIER | |
| control field | AR-UNSa-BCEJYS |
| 040 ## - CATALOGING SOURCE | |
| Original cataloging agency | AR-UNSa-BCEJYS |
| Language of cataloging | spa |
| Transcribing agency | AR-UNSa-BCEJYS |
| 080 ## - UNIVERSAL DECIMAL CLASSIFICATION NUMBER | |
| Universal Decimal Classification number | 341 |
| Common auxiliary subdivision | Derecho internacional |
| 020 ## - INTERNATIONAL STANDARD BOOK NUMBER | |
| International Standard Book Number | 978-987-03-0928-4 |
| 041 ## - LANGUAGE CODE | |
| Language code of text/sound track or separate title | spa |
| 100 1# - MAIN ENTRY--PERSONAL NAME | |
| Personal name | Gómez Masía, María Cecilia |
| 245 10 - TITLE STATEMENT | |
| Title | Derecho económico internacional |
| Name of part/section of a work | Encuentro académico entre la Universidad Católica de Lovaina y la Universidad de Buenos Aires |
| 264 #1 - PRODUCTION, PUBLICATION, DISTRIBUTION, MANUFACTURE, AND COPYRIGHT NOTICE | |
| Place of production, publication, distribution, manufacture | Buenos Aires : |
| Name of producer, publisher, distributor, manufacturer | Universidad de Buenos Aires. Facultad de Derecho |
| Date of production, publication, distribution, manufacture, or copyright notice | 2006 |
| 300 ## - PHYSICAL DESCRIPTION | |
| Extent | xxviii, 432 p. |
| Dimensions | 24 cm. |
| 505 ## - FORMATTED CONTENTS NOTE | |
| Formatted contents note | 1. Derecho de la competencia y propiedad intelectual en el Mercosur - 2. La transformación del derecho económico en Europa: el ejemplo de las telecomunicaciones - 3. Derecho de la competencia - 4. De la Bolsa de fondos públicos y de cambio del Reino de Bélgica a Brussels Exchanges - 5. Privatizaciones, mercado de capitales e inversión externa: La experiencia Argentina - 6. La protección de los accionistas en el derecho belga - 7. El Corporate Governance ¿Una nueva perspectiva para las sociedades? - 8. Conflictos societarios: una visión general y particular del derecho argentino - 9. Régimen de sociedades comerciales en la República Argentina. Necesidad de su reforma mediante la aplicación de la doctrina del "Buen gobierno corporativo" (Corporate Goverment) - 10. Adquisiciones de empresas - 11. Transporte fluvial. Hacia un sistema normativo propio - 12. Las libertades fundamentales y el Régimen tributario de ganancias en aplicación directa de las disposiciones del Tratado de Roma por parte de la Corte de Justicia - 13. Establecimiento permanente y comercio electrónico - 14. Estudio preliminar sobre el problema de la doble imposición entre el reino de Bélgica y la República Argentina - 15. La responsabilidad penal de las personas jurídicas en el derecho belga - 16. Responsabilidad penal de las personas jurídicas |
| 590 ## - LOCAL NOTE (RLIN) | |
| Local note | niveau_biblio:m niveau_hierar:0 |
| 700 1# - ADDED ENTRY--PERSONAL NAME | |
| Personal name | Czar de Zalduendo, Susana |
| 856 41 - ELECTRONIC LOCATION AND ACCESS | |
| Uniform Resource Identifier | <a href="https://biblioeco.unsa.edu.ar/pmb/images/libros/Derecho Economico Internacional-l117418.jpg">https://biblioeco.unsa.edu.ar/pmb/images/libros/Derecho Economico Internacional-l117418.jpg</a> |
| Link text | Imagen de portada |
| Electronic format type | image/jpeg |
| 942 ## - ADDED ENTRY ELEMENTS (KOHA) | |
| Koha item type | |
| Withdrawn status | Lost status | Damaged status | Not for loan | Home library | Current library | Shelving location | Date acquired | Total checkouts | Full call number | Barcode | Date last seen | Price effective from | Koha item type |
|---|---|---|---|---|---|---|---|---|---|---|---|---|---|
| Biblioteca Prof. Eusebio Cleto del Rey | Biblioteca Prof. Eusebio Cleto del Rey | 07/04/2026 | 341 G633 | L117418 | 07/04/2026 | 07/04/2026 | Libro |